00478nam a2200181Ia 4500003000400000005001700004008004100021020002900062040001700091082002100108100002000129245005800149250001100207260002800218300001700246650001500263650001800278IIN20251103124135.0231217s9999 xx 000 0 und d cRs.595.00a9789350909461 aIINbEnglish a610.7 bANT1 aAnthikad, Jacob1 aNutrition and Biochemistry for nursescJacob Anthikad a2nd ed bJaypeeaNew Delhic2014 axxxv, 502 p.1 aNutrition 1 aBiochemistry